[Event "World Rapid 2025"]
[Site "Doha QAT"]
[Date "2025.12.28"]
[Round "11.118"]
[White "AlJamaat, Khaled"]
[Black "Alhassadi, Yousef A."]
[Result "1/2-1/2"]
[BlackTitle "FM"]
[WhiteElo "1719"]
[BlackElo "2098"]
[WhiteFideId "12102415"]
[BlackFideId "9204725"]
[EventDate "2025.12.26"]

1. e4 c5 2. Ne2 e6 3. g3 d5 4. Bg2 d4 5. d3 Nc6 6. O-O e5 7. f4 Bd6 8. a4 Nge7
9. Na3 Bc7 10. Nc4 Rb8 11. f5 f6 12. g4 h6 13. Ng3 a6 14. h4 b5 15. axb5 axb5
16. Nd2 Qd6 17. Nf3 g5 18. hxg5 hxg5 19. Kf2 Bb7 20. Rh1 Kd7 21. Bd2 Rbg8 22.
Qe2 Bb6 23. Raf1 c4 24. Qe1 Bc5 25. Rxh8 Rxh8 26. Rh1 Rf8 27. Rh6 c3 28. bxc3
dxc3+ 29. Be3 b4 30. Nxg5 Bxe3+ 31. Qxe3 b3 32. cxb3 c2 33. Ne6 Ra8 34. Rxf6 Ra1
35. Ne2 Qb4 36. g5 Qe1+ 37. Kf3 Qd1 38. Kg3 Qe1+ 39. Kf3 Qd1 40. Kg3 Qe1+ 41.
Kf3 1/2-1/2

[Event "World Rapid 2025"]
[Site "Doha QAT"]
[Date "2025.12.28"]
[Round "11.119"]
[White "Al-Kuwari, Hamad"]
[Black "Fates, Omer Salah"]
[Result "0-1"]
[WhiteTitle "CM"]
[WhiteElo "1809"]
[BlackElo "2079"]
[WhiteFideId "12102679"]
[BlackFideId "9212035"]
[EventDate "2025.12.26"]

1. e4 e6 2. d4 d5 3. exd5 exd5 4. Bd3 Nf6 5. Nf3 Bd6 6. O-O O-O 7. h3 c6 8. Nc3
Be6 9. Re1 Nbd7 10. Ne5 c5 11. Nb5 Bb8 12. Nxd7 Nxd7 13. c3 a6 14. Na3 Qc7 15.
f4 Nf6 16. dxc5 Qxc5+ 17. Be3 Qc6 18. Nc2 Bd6 19. Nd4 Qc7 20. Qf3 Rae8 21. Rf1
Ne4 22. Nxe6 Rxe6 23. Bxe4 dxe4 24. Qd1 f5 25. Qd5 Qf7 26. Rad1 Rfe8 27. c4 Rf6
28. Qxf7+ Kxf7 29. Rd5 g6 30. Rfd1 Bf8 31. Kf1 Rc6 32. b3 b6 33. Ke2 Kg8 34. h4
Rb8 35. Rd8 Rxd8 36. Rxd8 b5 37. cxb5 axb5 38. a4 bxa4 39. bxa4 h5 40. a5 Kf7
41. Ra8 Rc2+ 42. Kf1 Bb4 43. a6 Bd2 44. a7 Bxe3 45. Rf8+ Kxf8 46. a8=Q+ Kg7 47.
Qb7+ Kh6 48. g3 Rf2+ 49. Ke1 Rg2 50. Qb3 Rxg3 51. Qg8 Bd4 52. Qd8 Bb2 53. Ke2
Kh7 54. Qe7+ Kh6 55. Qb7 Rg4 56. Qb8 Rxh4 57. Kf2 Bf6 58. Qd6 Bg7 59. Qc7 Rg4
60. Qd6 h4 61. Qc7 0-1

[Event "World Rapid 2025"]
[Site "Doha QAT"]
[Date "2025.12.28"]
[Round "11.121"]
[White "Al-Janahi, Ibrahim"]
[Black "Alrehaili, Ahmed Abdullah S"]
[Result "1/2-1/2"]
[BlackTitle "FM"]
[WhiteElo "1656"]
[BlackElo "2106"]
[WhiteFideId "12102385"]
[BlackFideId "21518840"]
[EventDate "2025.12.26"]

1. d4 Nf6 2. c4 g6 3. Nc3 Bg7 4. e4 d6 5. Be2 O-O 6. Nf3 Nbd7 7. Be3 e5 8. Qd2
exd4 9. Nxd4 Re8 10. f3 c6 11. O-O d5 12. cxd5 cxd5 13. Bg5 Qb6 14. Na4 Nxe4 15.
Nxb6 Nxd2 16. Nxa8 Bxd4+ 17. Kh1 Nxf1 18. Bxf1 Bxb2 19. Rb1 Be5 20. Bb5 Re6 21.
Bd8 Re8 22. Bc7 Bc3 23. Bg3 Be5 24. Re1 Re6 25. Bxd7 Bxd7 26. Bxe5 f6 27. Bg3
Ra6 28. Re2 Kf7 29. h4 Bb5 30. Rd2 Bc4 31. Rb2 b6 32. Bb8 Ke7 33. Bf4 Kd7 34.
Kg1 Bxa2 35. Nc7 Ra4 36. Bg3 Bc4 37. Nb5 a6 38. Nc3 Ra1+ 39. Kf2 b5 40. Ke3 Kc6
41. Kd4 a5 42. Bf2 Rf1 43. Bg3 Ra1 44. Bf2 b4 45. Ne2 Rd1+ 46. Ke3 g5 47. hxg5
fxg5 48. Nd4+ Kd6 49. Bg3+ Kc5 50. Ne6+ Kb5 51. Nxg5 a4 52. Bd6 Rd3+ 53. Kf2 Bb3
54. f4 a3 55. Rb1 Rd2+ 56. Ke3 Rb2 57. Ra1 Rxg2 58. Nf3 Bc4 59. Nd4+ Ka4 60. Nc6
Rg6 61. Bxb4 Rxc6 62. Bxa3 Re6+ 63. Kf3 Kb3 64. Bc5 Be2+ 65. Kg3 Rg6+ 66. Kf2
Bg4 67. Ke3 Bf5 68. Rh1 Rg3+ 69. Kd4 Rd3+ 70. Ke5 Be4 71. Rf1 Rc3 72. Bd4 Rh3
73. f5 Rh5 74. Ke6 Kc4 75. Ba1 Rh3 76. f6 Bg6 77. f7 Re3+ 78. Kd7 Bxf7 79. Rxf7
h5 80. Rh7 Rh3 81. Ke6 d4 82. Bxd4 Kxd4 1/2-1/2

[Event "World Rapid 2025"]
[Site "Doha QAT"]
[Date "2025.12.28"]
[Round "12.3"]
[White "Vachier-Lagrave, Maxime"]
[Black "So, Wesley"]
[Result "1/2-1/2"]
[WhiteTitle "GM"]
[BlackTitle "GM"]
[WhiteElo "2734"]
[BlackElo "2753"]
[WhiteFideId "623539"]
[BlackFideId "5202213"]
[EventDate "2025.12.26"]

1. e4 e5 2. Nf3 Nc6 3. Bb5 Nf6 4. O-O Nxe4 5. d4 Nd6 6. Bxc6 dxc6 7. dxe5 Nf5 8.
Qxd8+ Kxd8 9. h3 Ke8 10. Nc3 h5 11. Bf4 Be7 12. Rad1 Nh4 13. Nd4 Nf5 14. Nce2 g5
15. Bh2 Nxd4 16. Nxd4 Rh6 17. Rfe1 Rg6 18. e6 Bxe6 19. Nxe6 Rxe6 20. Rxe6 fxe6
21. Bxc7 Bf6 22. b3 Rc8 23. Bg3 c5 24. Kf1 1/2-1/2

[Event "World Rapid 2025"]
[Site "Doha QAT"]
[Date "2025.12.28"]
[Round "12.4"]
[White "Niemann, Hans Moke"]
[Black "Mamedyarov, Shakhriyar"]
[Result "1-0"]
[WhiteTitle "GM"]
[BlackTitle "GM"]
[WhiteElo "2725"]
[BlackElo "2730"]
[WhiteFideId "2093596"]
[BlackFideId "13401319"]
[EventDate "2025.12.26"]

1. d4 Nf6 2. c4 e6 3. Nf3 d5 4. Nc3 c6 5. cxd5 exd5 6. Bf4 Nh5 7. Bg5 Be7 8.
Bxe7 Qxe7 9. e3 O-O 10. Be2 Nf6 11. O-O Re8 12. Qc2 Bg4 13. h3 Bh5 14. Qb3 Ne4
15. Rfe1 Bxf3 16. Bxf3 Nd2 17. Qd1 Nxf3+ 18. Qxf3 Nd7 19. Rab1 a5 20. a3 Nf6 21.
Rec1 h5 22. b4 axb4 23. axb4 b5 24. Ne2 Ne4 25. Rb2 Ra4 26. Rbc2 Rxb4 27. Rxc6
Rb2 28. Rc7 Qf6 29. Rc8 Qe6 30. R8c6 Qe7 31. Rc7 Qf6 32. Qxf6 Nxf6 33. Nf4 Rd2
34. R7c5 Ne4 35. Rxb5 Nxf2 36. Nxd5 Ne4 37. Rcb1 Kh7 38. R5b2 Rxb2 39. Rxb2 Ra8
40. Kf1 g5 41. Ke2 Ra5 42. Kd3 f5 43. Rb7+ Kg6 44. Ne7+ Kf6 45. Ng8+ Kg6 46.
Rb6+ Kg7 47. Ne7 Kf7 48. Nc6 Ra3+ 49. Kc4 Rxe3 50. d5 Re2 51. Ne5+ Kg7 52. Rb7+
Kf6 53. Nd7+ Kg6 54. Ne5+ Kf6 55. Nd7+ Kg6 56. Kd4 h4 57. Ne5+ Kh6 58. Rb6+ Kg7
59. Rb7+ Kh6 60. d6 Nxd6 61. Rb6 Rd2+ 62. Nd3 Rxg2 63. Rxd6+ Kg7 64. Ke5 Rg3 65.
Kxf5 Rxh3 66. Ne5 Ra3 67. Rd7+ Kf8 68. Ng4 h3 69. Nf6 Re3 70. Kg6 Re7 1-0

[Event "World Rapid 2025"]
[Site "Doha QAT"]
[Date "2025.12.28"]
[Round "12.5"]
[White "Shimanov, Aleksandr"]
[Black "Dominguez Perez, Leinier"]
[Result "1/2-1/2"]
[WhiteTitle "GM"]
[BlackTitle "GM"]
[WhiteElo "2578"]
[BlackElo "2738"]
[WhiteFideId "4198603"]
[BlackFideId "3503240"]
[EventDate "2025.12.26"]

1. d4 d5 2. Nf3 Nf6 3. c4 c6 4. cxd5 cxd5 5. Nc3 Nc6 6. Bf4 Bf5 7. e3 e6 8. Qb3
Bb4 9. Ne5 Bxc3+ 10. bxc3 Nxe5 11. Bxe5 O-O 1/2-1/2

[Event "World Rapid 2025"]
[Site "Doha QAT"]
[Date "2025.12.28"]
[Round "12.6"]
[White "Nepomniachtchi, Ian"]
[Black "Praggnanandhaa, R"]
[Result "1/2-1/2"]
[WhiteTitle "GM"]
[BlackTitle "GM"]
[WhiteElo "2723"]
[BlackElo "2761"]
[WhiteFideId "4168119"]
[BlackFideId "25059530"]
[EventDate "2025.12.26"]

1. e4 e5 2. Nf3 Nc6 3. Bb5 a6 4. Ba4 Nge7 5. O-O Ng6 6. d4 exd4 7. Nxd4 Bc5 8.
c3 O-O 9. Be3 Ba7 10. Nxc6 dxc6 11. Bxa7 Rxa7 12. Qxd8 Rxd8 13. Rd1 Rxd1+ 14.
Bxd1 Ra8 15. Nd2 Be6 16. Bc2 Rd8 17. Nf3 c5 18. a3 Bg4 19. Rd1 Rxd1+ 20. Bxd1
Nf4 21. Kf1 c4 22. h3 Bh5 23. g4 Bg6 24. Nd2 Nxh3 25. Ke2 f6 26. Ke3 Bf7 27. f4
g5 28. f5 Nf4 29. Be2 b5 30. Bf1 h5 31. gxh5 Bxh5 32. a4 c5 33. e5 Kf7 34. Ne4
Nd5+ 35. Kf2 fxe5 36. a5 Nc7 37. Bg2 Bg4 38. Nxc5 Bxf5 39. Bb7 Ke7 40. Nxa6 Nxa6
41. Bxa6 Bd7 42. Bb7 Kd6 43. Be4 Bc8 44. Kf3 Kc5 45. Bg6 b4 46. Be8 bxc3 47.
bxc3 Bf5 48. Ba4 Bc8 49. Be8 Kd6 50. Bf7 Kc5 51. Be8 1/2-1/2

[Event "World Rapid 2025"]
[Site "Doha QAT"]
[Date "2025.12.28"]
[Round "12.7"]
[White "Sarana, Alexey"]
[Black "Caruana, Fabiano"]
[Result "1/2-1/2"]
[WhiteTitle "GM"]
[BlackTitle "GM"]
[WhiteElo "2673"]
[BlackElo "2795"]
[WhiteFideId "24133795"]
[BlackFideId "2020009"]
[EventDate "2025.12.26"]

1. d4 d5 2. c4 e6 3. Nf3 Nf6 4. Nc3 Nbd7 5. cxd5 exd5 6. Bg5 c6 7. Qc2 Be7 8. e3
Nf8 9. Bd3 Ne6 10. Bh4 g6 11. O-O O-O 12. Rab1 Ng7 13. b4 a6 14. a4 Nf5 15. Bg5
Be6 16. Rfc1 Rc8 17. Ne2 Nd6 18. Nf4 Bf5 19. Bxf5 Nxf5 20. Bxf6 Bxf6 21. b5 axb5
22. axb5 Qd6 23. bxc6 bxc6 24. Nd3 Ne7 25. Qc5 Qe6 26. Rb7 Rb8 27. Nf4 Qf5 28.
Rxe7 Bxe7 29. Qxe7 Rb1 30. Rf1 Ra8 31. Nd2 Rb2 32. Nf3 Rb1 33. Nd2 Rb2 34. Nf3
Rb1 35. Nd2 1/2-1/2

[Event "World Rapid 2025"]
[Site "Doha QAT"]
[Date "2025.12.28"]
[Round "12.8"]
[White "Abdusattorov, Nodirbek"]
[Black "Sevian, Samuel"]
[Result "1/2-1/2"]
[WhiteTitle "GM"]
[BlackTitle "GM"]
[WhiteElo "2732"]
[BlackElo "2688"]
[WhiteFideId "14204118"]
[BlackFideId "2040506"]
[EventDate "2025.12.26"]

1. c4 e5 2. Nc3 Nf6 3. e3 Nc6 4. Qb3 Bc5 5. Nf3 d6 6. d3 O-O 7. Be2 a6 8. O-O
Ba7 9. a3 Re8 10. Qc2 Ne7 11. b4 Ng6 12. Nd2 Bg4 13. Nde4 Bxe2 14. Qxe2 Nd7 15.
Ng3 Rf8 16. e4 Bd4 17. Qc2 Nh4 18. Be3 f5 19. exf5 Bxc3 20. Qxc3 Nxf5 21. Nxf5
Rxf5 22. c5 Rf7 23. c6 bxc6 24. Qxc6 Nf6 25. Rac1 Qe8 26. Qc4 Qb5 27. Qb3 Nd5
28. Bd2 Raf8 29. f3 Kh8 30. Qc4 Nb6 31. Qe4 h6 32. Rc2 Nd5 33. Rfc1 Nf4 34. Bxf4
Rxf4 35. Qe3 a5 36. Rc4 axb4 37. axb4 Rxc4 38. Rxc4 Rb8 39. h4 Qb6 40. Kf2 c6
41. h5 Kg8 42. Qxb6 Rxb6 43. Ke3 Kf7 44. Rg4 d5 45. Rg6 Rxb4 46. Rxc6 Rb2 47. g4
Rb5 48. f4 e4 49. dxe4 dxe4 50. Kxe4 Rb4+ 51. Ke5 Rb5+ 52. Kd4 Rb1 53. Rc7+ Kf6
54. Rc6+ Kf7 55. g5 hxg5 56. fxg5 Rh1 57. Ke5 Rxh5 58. Kf5 g6+ 59. Rxg6 Rh1 1/2-1/2

[Event "World Rapid 2025"]
[Site "Doha QAT"]
[Date "2025.12.28"]
[Round "12.10"]
[White "Esipenko, Andrey"]
[Black "Gukesh, D"]
[Result "1-0"]
[WhiteTitle "GM"]
[BlackTitle "GM"]
[WhiteElo "2698"]
[BlackElo "2754"]
[WhiteFideId "24175439"]
[BlackFideId "46616543"]
[EventDate "2025.12.26"]

1. e4 c5 2. Nf3 d6 3. d4 cxd4 4. Nxd4 Nf6 5. Nc3 a6 6. Bd3 e5 7. Nde2 Be7 8. O-O
O-O 9. a3 b5 10. Ng3 Be6 11. a4 b4 12. Nd5 Bxd5 13. exd5 g6 14. a5 Nbd7 15. Bc4
Qc7 16. b3 Qb7 17. f3 Nc5 18. Be3 Rfc8 19. Qd2 Nfd7 20. Kh1 f5 21. Ne2 Bf6 22.
Rab1 Rab8 23. c3 bxc3 24. Qxc3 e4 25. Nd4 Kh8 26. Qc2 f4 27. Bg1 e3 28. Nc6 Rxc6
29. dxc6 Qxc6 30. Rfd1 Ne5 31. Bd5 Qb5 32. b4 Ncd7 33. Be6 Be7 34. Qe4 Nf6 35.
Qxf4 e2 36. Re1 Nd3 37. Qd2 Nxe1 38. Rxe1 Qxb4 39. Qxe2 Bf8 40. Bb6 Re8 41. Qd1
Bg7 42. Re2 d5 43. Bf7 Rxe2 44. Qxe2 Qb1+ 45. Bg1 Bf8 46. Qxa6 Qa1 47. Qa7 Bb4
48. a6 Bc3 49. Qb6 Nd7 50. Qe3 Ne5 51. a7 Kg7 52. Bxd5 1-0

[Event "World Rapid 2025"]
[Site "Doha QAT"]
[Date "2025.12.28"]
[Round "12.11"]
[White "Giri, Anish"]
[Black "Henriquez Villagra, Cristobal"]
[Result "1-0"]
[WhiteTitle "GM"]
[BlackTitle "GM"]
[WhiteElo "2760"]
[BlackElo "2598"]
[WhiteFideId "24116068"]
[BlackFideId "3409350"]
[EventDate "2025.12.26"]

1. c4 Nf6 2. Nf3 g6 3. g3 Bg7 4. Bg2 O-O 5. Nc3 d6 6. O-O e5 7. d3 a5 8. Rb1 c6
9. a3 Re8 10. e4 Na6 11. b4 axb4 12. axb4 Nc7 13. b5 Ne6 14. h3 Nd7 15. h4 Nf6
16. Bd2 Nc5 17. Qc2 Bg4 18. Be3 Bxf3 19. Bxf3 Ne6 20. Ra1 Nd4 21. Bxd4 exd4 22.
Ne2 Nd7 23. Bg2 Nc5 24. Rfb1 Qd7 25. bxc6 bxc6 26. Kh2 Rxa1 27. Rxa1 Qb7 28. Rb1
Qa6 29. Nc1 h5 30. Nb3 Qa4 31. Qd1 Nd7 32. Bh3 Ne5 33. Ra1 Qb4 34. f4 Nxc4 35.
dxc4 d3 36. Rb1 Qxc4 37. Bf1 Qxe4 38. Qxd3 Qa4 39. Nd2 d5 40. Rc1 Rb8 41. Rc2
Bf6 42. Bg2 Rb4 43. Nf3 Rb3 44. Qe2 Kg7 45. Ra2 Qb4 46. Qe8 Qb7 47. Ra8 Kh6 48.
Ng5 1-0

[Event "World Rapid 2025"]
[Site "Doha QAT"]
[Date "2025.12.28"]
[Round "12.12"]
[White "Aravindh, Chithambaram VR."]
[Black "Grischuk, Alexander"]
[Result "1/2-1/2"]
[WhiteTitle "GM"]
[BlackTitle "GM"]
[WhiteElo "2703"]
[BlackElo "2654"]
[WhiteFideId "5072786"]
[BlackFideId "4126025"]
[EventDate "2025.12.26"]

1. e4 c5 2. d4 cxd4 3. Qxd4 Nc6 4. Qd3 e6 5. Nc3 a6 6. Bf4 b5 7. O-O-O Bb7 8.
Qe2 Bc5 9. Nf3 Nge7 10. e5 Nb4 11. Kb1 Nbd5 12. Nxd5 Nxd5 13. Bc1 Be7 14. h4 Qc7
15. Rh3 b4 16. Nd4 f6 17. exf6 Bxf6 18. Nxe6 dxe6 19. Qxe6+ Qe7 20. Qg4 O-O 21.
Bc4 Rad8 22. Rhd3 Qf7 23. Qf3 Nc3+ 24. bxc3 Bxf3 25. Bxf7+ Kxf7 26. gxf3 bxc3
27. Bg5 Rxd3 28. Rxd3 Bxg5 29. hxg5 Kg6 30. Rxc3 Kxg5 31. Kc1 h5 32. Kd1 Rf5 33.
Ke2 h4 34. Kf1 Ra5 35. a3 Kf5 36. Kg2 g5 37. Rd3 Ra4 38. Rb3 Rc4 39. Rb6 Ra4 40.
Rb3 Rc4 41. Rb6 Ra4 42. Rb3 1/2-1/2

[Event "World Rapid 2025"]
[Site "Doha QAT"]
[Date "2025.12.28"]
[Round "12.13"]
[White "Nihal, Sarin"]
[Black "Lazavik, Denis"]
[Result "1/2-1/2"]
[WhiteTitle "GM"]
[BlackTitle "GM"]
[WhiteElo "2701"]
[BlackElo "2605"]
[WhiteFideId "25092340"]
[BlackFideId "13515110"]
[EventDate "2025.12.26"]

1. b3 Nf6 2. Bb2 d5 3. Nf3 c5 4. e3 g6 5. c4 dxc4 6. Bxc4 Bg7 7. O-O O-O 8. d4
cxd4 9. Nxd4 Bd7 10. Nd2 Nc6 11. N4f3 Bf5 12. a3 Ne8 13. Bxg7 Nxg7 14. b4 Qd6
15. Nb3 Qf6 16. Nbd4 Rfd8 17. Qb3 Nxd4 18. Nxd4 Ne8 1/2-1/2

[Event "World Rapid 2025"]
[Site "Doha QAT"]
[Date "2025.12.28"]
[Round "12.14"]
[White "Matlakov, Maxim"]
[Black "Aronian, Levon"]
[Result "1/2-1/2"]
[WhiteTitle "GM"]
[BlackTitle "GM"]
[WhiteElo "2606"]
[BlackElo "2729"]
[WhiteFideId "4168003"]
[BlackFideId "13300474"]
[EventDate "2025.12.26"]

1. d4 d5 2. c4 e6 3. Nf3 Nd7 4. g3 dxc4 5. Bg2 Rb8 6. a4 b6 7. Nfd2 Qf6 8. Nxc4
Bb4+ 9. Nc3 Ba6 10. Na3 Ne7 11. Nc2 Bxc3+ 12. bxc3 O-O 13. O-O e5 14. a5 Bb7 15.
e4 Qg6 16. Re1 Rfe8 17. axb6 axb6 18. h4 Nf6 19. d5 Nc8 20. Ba3 h6 21. Qe2 Nd6
22. Bxd6 cxd6 23. Ra7 Bc8 24. Rb1 Bd7 25. Ne3 b5 26. Qd3 Ra8 27. Rba1 Rxa7 28.
Rxa7 Rc8 29. Ra6 Ne8 30. Ra7 Nf6 31. Ra6 Ne8 32. Ra7 Qf6 33. Bf3 Qd8 34. Kg2 1/2-1/2

[Event "World Rapid 2025"]
[Site "Doha QAT"]
[Date "2025.12.28"]
[Round "12.15"]
[White "Hakobyan, Aram"]
[Black "Dubov, Daniil"]
[Result "0-1"]
[WhiteTitle "GM"]
[BlackTitle "GM"]
[WhiteElo "2613"]
[BlackElo "2672"]
[WhiteFideId "13306677"]
[BlackFideId "24126055"]
[EventDate "2025.12.26"]

1. e4 e5 2. Nf3 d6 3. d4 exd4 4. Nxd4 Nf6 5. Nc3 Be7 6. Bf4 O-O 7. Qd2 Nc6 8.
O-O-O Nxd4 9. Qxd4 Be6 10. f3 a6 11. e5 dxe5 12. Qxe5 Bd6 13. Qe3 Bxf4 14. Qxf4
Qe7 15. Bd3 Rfd8 16. Rhe1 Rd6 17. Qh4 Qd8 18. g4 h6 19. Rg1 Nd5 20. g5 Nxc3 21.
bxc3 Qe7 22. Bh7+ Kf8 23. Rxd6 cxd6 24. Bd3 Rc8 25. Kb2 Rc5 26. gxh6 Qxh4 0-1

[Event "World Rapid 2025"]
[Site "Doha QAT"]
[Date "2025.12.28"]
[Round "12.17"]
[White "Sanal, Vahap"]
[Black "Andreikin, Dmitry"]
[Result "1/2-1/2"]
[WhiteTitle "GM"]
[BlackTitle "GM"]
[WhiteElo "2546"]
[BlackElo "2710"]
[WhiteFideId "6300545"]
[BlackFideId "4158814"]
[EventDate "2025.12.26"]

1. e4 e5 2. Nf3 Nc6 3. Nc3 Nf6 4. d4 exd4 5. Nxd4 Bb4 6. Nxc6 bxc6 7. Bd3 O-O 8.
O-O d5 9. exd5 cxd5 10. h3 c6 11. Qf3 Re8 12. Bf4 Nd7 13. Rfe1 Nc5 14. a3 Nxd3
15. cxd3 Bf8 16. d4 Bf5 17. Rxe8 Qxe8 18. Rc1 Qd7 19. Na4 Re8 20. Nc5 Bxc5 21.
Rxc5 Re1+ 22. Kh2 h6 23. Be3 Be4 24. Qg4 Bf5 25. Qg3 Kh7 26. b4 Ra1 27. Bf4 Qe6
28. Qe3 Qxe3 1/2-1/2

[Event "World Rapid 2025"]
[Site "Doha QAT"]
[Date "2025.12.28"]
[Round "12.18"]
[White "Maghsoodloo, Parham"]
[Black "Motylev, Alexander"]
[Result "1/2-1/2"]
[WhiteTitle "GM"]
[BlackTitle "GM"]
[WhiteElo "2708"]
[BlackElo "2573"]
[WhiteFideId "12539929"]
[BlackFideId "4121830"]
[EventDate "2025.12.26"]

1. c4 e6 2. Nc3 d5 3. d4 Nf6 4. cxd5 exd5 5. Bg5 Be7 6. e3 h6 7. Bh4 O-O 8. Bd3
Re8 9. Nge2 c6 10. O-O a5 11. f3 b5 12. Rc1 Nbd7 13. Bf2 Nb6 14. b3 b4 15. Nb1
Bb7 16. Ng3 Bd6 17. Nf5 Bf8 18. Nd2 Nbd7 19. Re1 g6 20. Ng3 c5 21. Ne2 Ba6 22.
Nf1 Qb6 23. g4 Rac8 24. Nfg3 cxd4 25. exd4 Rxc1 26. Nxc1 Rxe1+ 27. Qxe1 Bxd3 28.
Nxd3 Qc7 29. Qd2 Kh7 30. h4 Bd6 31. Kg2 Nf8 32. Ne2 Ne6 33. Be3 h5 34. Bg5 Be7
35. Bxf6 Bxf6 36. gxh5 gxh5 37. Ndf4 Nxf4+ 38. Qxf4 Qxf4 39. Nxf4 Bxh4 40. Nxh5
Bg5 41. Ng3 Kg6 42. Ne2 Kf5 43. Kf2 Bf4 44. Ng1 Bg5 45. Ke2 Bf6 46. Ke3 Bg5+ 47.
Kd3 Bh4 48. Nh3 Bg3 49. Ke2 Bh4 50. Ke3 Bg5+ 51. Kd3 Bh4 52. Kd2 Bf6 53. Ke3
Bg5+ 54. Ke2 Bf6 55. Kd3 Bh4 56. Ke2 Bf6 57. Ke3 Bg5+ 58. Kd3 Bh4 59. Ke3 Bg5+
60. Kd3 Bh4 1/2-1/2

[Event "World Rapid 2025"]
[Site "Doha QAT"]
[Date "2025.12.28"]
[Round "12.19"]
[White "Makarian, Rudik"]
[Black "Radjabov, Teimour"]
[Result "1-0"]
[WhiteTitle "GM"]
[BlackTitle "GM"]
[WhiteElo "2524"]
[BlackElo "2692"]
[WhiteFideId "44105681"]
[BlackFideId "13400924"]
[EventDate "2025.12.26"]

1. d4 d5 2. c4 e6 3. Nf3 Nf6 4. g3 Be7 5. Bg2 O-O 6. Nc3 dxc4 7. Ne5 Nc6 8. Bxc6
bxc6 9. Nxc6 Qe8 10. Nxe7+ Qxe7 11. Qa4 Nd5 12. Bd2 Rb8 13. Rb1 Nb6 14. Qa5 Rd8
15. Bg5 f6 16. Be3 Nd5 17. O-O a6 18. Bd2 Bb7 19. Rfd1 Nb6 20. Bf4 g5 21. Be3
Rd7 22. f3 Rbd8 23. Bf2 Qf7 24. g4 h5 25. h3 Nd5 26. Nxd5 exd5 27. b3 hxg4 28.
hxg4 cxb3 29. Rxb3 Bc8 30. Rc1 Re8 31. Rb8 Rde7 32. Kg2 Kg7 33. Ra8 Kg6 34. Ra7
c6 35. Rxe7 Qxe7 36. e3 Qb7 37. Qa4 Bd7 38. Qc2+ f5 39. gxf5+ Bxf5 40. Qxc6+
Qxc6 41. Rxc6+ Re6 42. Rc5 g4 43. fxg4 Be4+ 44. Kh3 Bf3 45. Kh4 Re4 46. Kg3 Bd1
47. Rxd5 Rxg4+ 48. Kh3 Bf3 49. Ra5 Rg2 50. Bg3 Re2 51. Rxa6+ Kf5 52. Ra5+ Ke4
53. Bf4 Bh1 54. Kh4 Rd2 55. Kg5 Bg2 56. a4 Ra2 57. Re5+ Kd3 58. a5 Kc4 59. Rc5+
Kb4 60. Bc7 Bb7 61. Kf5 Ra3 62. Re5 Kc4 63. Ke6 Bc8+ 64. Kd6 Bb7 65. Ke6 Bc8+
66. Ke7 Bb7 67. Rc5+ Kb4 68. Bd6 Ka4 69. Rc4+ 1-0

[Event "World Rapid 2025"]
[Site "Doha QAT"]
[Date "2025.12.28"]
[Round "12.20"]
[White "Robson, Ray"]
[Black "Bjerre, Jonas Buhl"]
[Result "0-1"]
[WhiteTitle "GM"]
[BlackTitle "GM"]
[WhiteElo "2650"]
[BlackElo "2623"]
[WhiteFideId "2023970"]
[BlackFideId "1444948"]
[EventDate "2025.12.26"]

1. d4 Nf6 2. c4 e6 3. Nc3 Bb4 4. e3 b6 5. Ne2 Ne4 6. Bd2 Nxd2 7. Qxd2 O-O 8. Nf4
c6 9. a3 Be7 10. O-O-O d5 11. h4 Nd7 12. g4 b5 13. cxb5 cxb5 14. Bxb5 Rb8 15.
Qc2 Qa5 16. Qa4 Qc7 17. Rd2 Nb6 18. Qc2 Bd7 19. Ncxd5 Qxc2+ 20. Rxc2 exd5 21.
Bxd7 Nxd7 22. Nxd5 Bd8 23. g5 Re8 24. Kb1 Nb6 25. Nb4 f6 26. Nc6 Rb7 27. Nxd8
Rxd8 28. gxf6 gxf6 29. Rg1+ Kf7 30. Ka2 Rd5 31. Rc5 Ke6 32. b4 a5 33. Rb1 Na4
34. Rc2 Rdb5 35. Kb3 Nb6 36. Rc6+ Ke7 37. Rc5 a4+ 38. Kc3 Nd5+ 39. Kc4 Kd6 40.
e4 Nc7 41. f4 Kd7 42. Rg1 Rxc5+ 43. bxc5 Rb2 44. Rg7+ Kc8 45. Rxh7 Nb5 46. Kd5
Nxa3 47. Kc6 Kb8 48. e5 fxe5 49. fxe5 Nb5 50. d5 Nd4+ 51. Kd6 a3 52. Rh8+ Ka7
53. Rh7+ Ka8 54. Rh8+ Rb8 55. Rxb8+ Kxb8 56. Kd7 a2 57. c6 Nb5 58. d6 Na7 59. e6
a1=Q 60. e7 Qg7 61. c7+ Kb7 62. h5 Qg4+ 63. Ke8 Qg8+ 64. Kd7 Qc8# 0-1

[Event "World Rapid 2025"]
[Site "Doha QAT"]
[Date "2025.12.28"]
[Round "12.21"]
[White "Martirosyan, Haik M."]
[Black "Gurel, Ediz"]
[Result "1/2-1/2"]
[WhiteTitle "GM"]
[BlackTitle "GM"]
[WhiteElo "2625"]
[BlackElo "2645"]
[WhiteFideId "13306553"]
[BlackFideId "44507356"]
[EventDate "2025.12.26"]

1. d4 Nf6 2. c4 e6 3. Nf3 d5 4. Nc3 c6 5. Bg5 h6 6. Bxf6 Qxf6 7. e3 g6 8. Be2
Nd7 9. O-O Bg7 10. cxd5 exd5 11. b4 a6 12. a4 O-O 13. b5 a5 14. Rb1 Re8 15. Qc2
Qd8 16. Na2 Re6 17. Rfc1 Nb6 18. bxc6 bxc6 19. Ne1 Bd7 20. Nd3 Nc4 21. Nc5 Nxe3
22. fxe3 Rxe3 23. Qd2 Qe7 24. Bf1 Bf5 25. Rb7 Qh4 26. Rd1 Rae8 27. Qf2 Qg4 28.
Rd2 Re1 29. Nc3 Rc1 30. h3 Qg5 31. Re2 Rf8 32. Rb3 h5 33. Reb2 Rxf1+ 34. Kxf1
Qc1+ 35. Qe1 Qf4+ 36. Qf2 Qc1+ 37. Qe1 Qf4+ 38. Qf2 Qc1+ 39. Qe1 1/2-1/2

[Event "World Rapid 2025"]
[Site "Doha QAT"]
[Date "2025.12.28"]
[Round "12.22"]
[White "Ibrahimli, Murad"]
[Black "Lu, Shanglei"]
[Result "0-1"]
[WhiteTitle "IM"]
[BlackTitle "GM"]
[WhiteElo "2438"]
[BlackElo "2643"]
[WhiteFideId "13410229"]
[BlackFideId "8603332"]
[EventDate "2025.12.26"]

1. d4 Nf6 2. c4 c6 3. Nf3 d5 4. Nc3 e6 5. e3 Nbd7 6. Qc2 Bd6 7. Bd3 O-O 8. O-O
dxc4 9. Bxc4 e5 10. Bb3 exd4 11. exd4 Nb6 12. Bg5 h6 13. Bh4 Nbd5 14. Bxd5 cxd5
15. Bxf6 Qxf6 16. Nxd5 Qd8 17. Ne3 b6 18. Ne5 Bb7 19. Rfd1 Rc8 20. Qf5 Qc7 21.
N3c4 Rfd8 22. Nxd6 Rxd6 23. h3 f6 24. Ng4 Rcd8 25. Qg6 Kh8 26. Rac1 Qd7 27. Ne3
Bd5 28. b3 a5 29. Rc3 Bf7 30. Qg3 a4 31. Kh2 axb3 32. axb3 Rxd4 33. Rxd4 Qxd4
34. Rc7 Rf8 35. Qxg7+ Kxg7 36. Nf5+ Kg6 37. Nxd4 Rd8 38. Nc6 Rd2 39. Ne7+ Kg5
40. h4+ Kxh4 41. Nf5+ Kg5 42. Ng3 Kg6 43. f4 Bd5 44. f5+ Kg5 45. Rg7+ Kf4 46.
Nh5+ Kxf5 47. b4 Bf3 48. Ng3+ Kf4 49. Nf1 Rb2 50. Rg6 f5 51. Kh3 Be4 52. b5 h5
53. g3+ Kf3 54. Rxb6 Kf2 55. Kh4 Kxf1 56. Kxh5 Kg2 57. Kh4 Kf3 58. Ra6 Rxb5 59.
Ra3+ Kf2 60. Ra2+ Ke3 61. Ra3+ Bd3 0-1